000 00335nam a22001457a 4500
008 230127b ||||| |||| 00| 0 eng d
020 _a9780132747738
041 _aeng
080 _2TENTH EDITION
_a612.3
082 _a612.3McW
100 _a16
101 _aNUTRI
245 _aFOOD FUNADAMENTALS
_cMcWILLIAMS M
942 _2udc
_cBK
999 _c59286
_d59286